书目信息 |
| 题名: |
古谣谚
|
|
| 作者: | 杜文澜 | |
| 分册: | ||
| 出版信息: | 北京 中华书局 1958 |
|
| 页数: | 1074页 | |
| 开本: | 20cm | |
| 丛书名: | ||
| 单 册: | ||
| 中图分类: | Z81 | |
| 科图分类: | ||
| 主题词: | 国家书目 | |
| 电子资源: | ||
| ISBN: | 7-5392-0356-0 | |
| 000 | 00467nam0 2200181 450 | |
| 001 | 0728815141 | |
| 005 | 20070819080015.14 | |
| 010 | @a7-5392-0356-0@d¥58.00 | |
| 100 | @a20070819d km y0chiy0120 ea | |
| 101 | 0 | @achi |
| 200 | 1 | @a古谣谚@Agu yao yan@f杜文澜@Fdu wen lan |
| 210 | @a北京@c中华书局@d1958 | |
| 215 | @a1074页@d20cm | |
| 606 | 0 | @a国家书目 |
| 690 | @aZ81@v3 | |
| 701 | 0 | @a杜文澜@Adu wen lan |
| 801 | 0 | @aCN@bPFT@c20070819 |
| 905 | @a213230@dZ81@eZW399@f1 | |
| 古谣谚/杜文澜.-北京:中华书局,1958 |
| 1074页;20cm |
| ISBN 7-5392-0356-0:¥58.00 |
| ● |
| 相关链接 |
|
|
|
|
正题名:古谣谚
索取号:Z81/ZW399
 
预约/预借
| 序号 | 登录号 | 条形码 | 馆藏地/架位号 | 状态 | 备注 |
| 1 | 7613296 | 276132962 | 密集书库-文学院/ [索取号:Z81/ZW399] | 在馆 |